• 首页
  • 本馆介绍
  • 公告通知
  • 最新文献
  • 馆藏检索
  • 电子资源
  • 读者导购
  • 参考咨询
  • 我的图书馆
  • 登录
  • 详细信息显示
  • 放入我的书架
  • 预约/预借图书
  • 作者相关作品
  • 分类相关作品
  • 丛书相关作品
  • 出版社相关作品

书目信息

  • 表格格式
  • 工作单格式
  • 卡片格式
题名:
为了师生生命的幸福绽放
    
 
作者: 张莉, 著
分册:  
出版信息: 上海   上海三联书店  2019.10
页数: 258页
开本: 21cm
丛书名:
单 册:
中图分类: G629.21
科图分类:
主题词: 小学教育--教育改革--经验--浦东新区
电子资源:
ISBN: 978-7-5426-6407-5
000 01276nam0 2200289 45
001 012001002965
005 20140824091435.0
010    @a978-7-5426-6407-5@dCNY48.00
099    @aCAL 012019173935
100    @a20191203d2019 em y0chiy0110 ea
101 0  @achi
102    @aCN@b310000
105    @ay a 000yy
106    @ar
200 1  @a为了师生生命的幸福绽放@Awei le shi sheng sheng ming de xing fu zhan fang@e御桥小学的教育变革之道@f张莉著
210    @a上海@c上海三联书店@d2019.10
215    @a258页@d21cm
300    @a其他题名:御桥小学的教育变革之道
314    @a张莉, 御桥小学校长。
320    @a有书目 (第256-258页)
330    @a本书是御桥小学现任校长依据多年的教育工作经验对目前学校变革中存在问题所做的论述。作为一名学校管理者, 作者认为学校变革是校长实现自我发展和自我价值的有效平台, 一个真正有理想、有担当、有抱负的校长, 必然应该培养适应于教育改革与发展的思维与行为方式, 在学校变革与发展的实践中成就自身的价值。本书从教育理论和教学实践两方面对学校教育理念和方式进行了深入阐述, 对现今的小学教育如何健全发展提供了现实借鉴意义。
517 1  @a御桥小学的教育变革之道
606 0  @a小学教育@x教育改革@x经验@y浦东新区
690    @aG629.21@v5
701  0 @a张莉,@Azhang li@f1968.8-@4著
801    @aCN@bAHXH@c20210922
905    @b1282991-5@dG629.21@e1975@f5
    
    为了师生生命的幸福绽放:御桥小学的教育变革之道/张莉著.-上海:上海三联书店,2019.10
    258页;21cm
    其他题名:御桥小学的教育变革之道
    
    ISBN 978-7-5426-6407-5:CNY48.00
    本书是御桥小学现任校长依据多年的教育工作经验对目前学校变革中存在问题所做的论述。作为一名学校管理者, 作者认为学校变革是校长实现自我发展和自我价值的有效平台, 一个真正有理想、有担当、有抱负的校长, 必然应该培养适应于教育改革与发展的思维与行为方式, 在学校变革与发展的实践中成就自身的价值。本书从教育理论和教学实践两方面对学校教育理念和方式进行了深入阐述, 对现今的小学教育如何健全发展提供了现实借鉴意义。
●
相关链接 在E读中查询图书 在五车中查询图书 在当当中查询图书 在豆瓣中查询图书


正题名:为了师生生命的幸福绽放     索取号:G629.21/1975         预约/预借

序号 登录号 条形码 馆藏地/架位号 状态 备注
1 1282991   212829910   第一样本阅览室/ [索取号:G629.21/1975] 在馆    
2 1282992   212829929   教育系资料室/ [索取号:G629.21/1975] 在馆    
3 1282993   212829938   教育系资料室/ [索取号:G629.21/1975] 在馆    
4 1282994   212829947   第四借阅区/ [索取号:G629.21/1975] 在馆    
5 1282995   212829956   第四借阅区/ [索取号:G629.21/1975] 在馆    
唐山师范学院图书馆 欢迎您!
大连网信软件有限公司© 版权所有